000 00240nam a2200121Ia 4500
100 _a#N/A
650 _aComputer/ IT
942 _cBK
654 _asoftware
245 _a100 Software for fun 51 tools
260 _b#N/A
546 _aENGLISH
999 _c22489
_d22489